01785nab a22003017a 4500999001500000003000400015005001700019008004100036040000700077245014400084260007300228300001300301500003600314505046100350505011300811505008200924650002301006650003001029650004101059650004601100650005201146650003401198650003201232650002001264650003201284773015401316942001301470 c5570d5570OSt20251218110313.0190429b xxu||||| |||| 00| 0 spa d cPJ10aParticipación omisiva en el delito de violación. El progenitor que no evita las agresiones sexuales contra su hija /cGustavo E. Aboso. cCiudad Autónoma de Buenos Aires :aThomson Reuters La Ley, b2025. ap. 29-56 aCita: TR LALEY AR/DOC/729/2025. aSumario: I. Introducción.— II. Los hechos.— III. El modelo diferenciador en materia de participación criminal y sus consecuencias.— IV. La participación mediante omisión.— V. Elementos constituyentes de la comisión por omisión.— VI. ¿La madre como autora?— VII. La autoría omisiva como infracción de deber.— VIII. Atenuación de la responsabilidad penal desde la perspectiva de la violencia de género.— IX. Conclusiones. tFallos comentados: CNCrim. y Correc., sala VII ~ 03/10/2024 ~ C. C., E. s/ falta de mérito. Abuso sexual. tSi te interesa el texto completo, solicitalo a koha@justierradelfuego.gov.ar  09343aDERECHO PENAL 092217aDELITO DE OMISIÓN 096074aDELITO DE COMISION POR OMISION 092902aDELITOS CONTRA LA INTEGRIDAD SEXUAL 094467aABUSO SEXUAL CALIFICADO POR ACCESO CARNAL 096548aPARTICIPACION NECESARIA 093053aVIOLENCIA DE GÉNERO 092999aAUTORÍA 091468aRESPONSABILIDAD PENAL0 0265893164tRevista de derecho penal y criminología. Nº 4 - Mayo 2025dCiudad Autónoma de Buenos Aires : Thomson Reuters La Ley, 2017-x00347914 2udccANA